| 000 | 00800nam a2200229Ii 4500 | ||
|---|---|---|---|
| 003 | JO-AjNU | ||
| 008 | 230605s9999||||xx |||||||||||||| ||und|| | ||
| 017 | _a2001/4/702 | ||
| 020 | _a9957-07-232-2 | ||
| 040 |
_aJO-AjNU _bara _erda _cJO-AjNU |
||
| 041 | _aara | ||
| 050 | 1 | 4 | _aZ699.4.I19.S2542 2001 |
| 100 | 3 |
_aاعداد السامرائي، ايمان فاضل , _eauthor _942585 |
|
| 245 | 0 | 0 | _aتطبيقات الحاسوب في المكتبات ومراكز المعلومات حزمة تدريبية |
| 250 | _aط1 | ||
| 264 | 3 | 1 | _aعمان :دار الفكر للنشر والتوزيع ،2001 |
| 300 | _a86ص | ||
| 336 |
_atext _btxt _2rdacontent |
||
| 337 |
_aunmediated _bn _2rdamedia |
||
| 338 |
_avolume _bnc _2rdacarrier |
||
| 650 | 4 |
_aالمكتبات-الحواسيب _942586 |
|
| 999 |
_aA18245 _c21813 _d21813 |
||